Knihy
Uloženo v:
LEADER 03453nam a2200817 a 4500
001 nkc20081836202
003 CZ PrNK
005 20231025153947.0
007 ta
008 081217s2009 xr abcfe 000 0acze
015 |a cnb001836202 
020 |a 978-80-7050-564-9  |q (váz.) 
035 |a (OCoLC)320214132 
040 |a ABA001  |b cze 
043 |a e-un---  |a e-xr---  |a e-ur--- 
045 |a w-x-  |a x3x4 
072 7 |a 325  |x Mezinárodní migrace, exil, kolonizace  |2 Konspekt  |9 15 
072 7 |a 929  |x Biografie  |2 Konspekt  |9 8 
080 |a 929  |2 MRF 
080 |a (=162.3)  |2 MRF 
080 |a 274/278-726.6  |2 MRF 
080 |a 314.151.3-054.72  |2 MRF 
080 |a 314.15-026.49:2  |2 MRF 
080 |a 321.74  |2 MRF 
080 |a 323.28  |2 MRF 
080 |a 94(100)"1939/1945"  |2 MRF 
080 |a 323.1  |2 MRF 
080 |a 94(477)  |2 MRF 
080 |a (437.3)  |2 MRF 
080 |a (47+57)  |2 MRF 
080 |a (0:82-94)  |2 MRF 
100 1 |a Andrš, Bohuslav,  |d 1926-2026  |7 jx20081217001  |4 aut 
245 1 0 |a Česká Alexandrovka :  |b vzpomínky na život české vystěhovalecké komunity na Rusi /  |c Bohuslav Andrš 
250 |a 1. vyd. 
260 |a Praha :  |b Národní knihovna České republiky - Slovanská knihovna,  |c 2009 
300 |a 264 s., xx s. obr. příl. :  |b il., mapa, portréty ;  |c 22 cm 
490 1 |a Publikace Slovanské knihovny ;  |v 62 
500 |a Terminologický slovník 
504 |a Obsahuje bibliografii 
600 1 7 |a Andrš, Bohuslav,  |d 1926-2026  |7 jx20081217001  |2 czenas 
648 7 |a 19.-20. století  |7 ch757015  |2 czenas 
648 7 |a 1939-1945  |7 ch460653  |2 czenas 
650 0 7 |a Češi  |7 ph128067  |z Ukrajina  |y 19.-20. století  |2 czenas 
650 0 7 |a imigranti  |7 ph121036  |z Ukrajina  |y 19.-20. století  |2 czenas 
650 0 7 |a evangelíci  |7 ph114505  |z Ukrajina  |y 19.-20. století  |2 czenas 
650 0 7 |a náboženská emigrace  |7 ph270279  |z Česko  |y 18.-20. století  |2 czenas 
650 0 7 |a komunistický režim  |7 ph114960  |z Sovětský svaz  |2 czenas 
650 0 7 |a politická perzekuce  |7 ph124236  |z Sovětský svaz  |2 czenas 
650 0 7 |a druhá světová válka (1939-1945)  |7 ph117270  |2 czenas 
650 0 9 |a Czechs  |z Ukraine  |y 19th-20th centuries  |2 eczenas 
650 0 9 |a immigrants  |z Ukraine  |y 19th-20th centuries  |2 eczenas 
650 0 9 |a Evangelicals  |z Ukraine  |y 19th-20th centuries  |2 eczenas 
650 0 9 |a religious emigration  |z Czechia  |y 18th-20th centuries  |2 eczenas 
650 0 9 |a communist regime  |z Soviet Union  |2 eczenas 
650 0 9 |a political persecution  |z Soviet Union  |2 eczenas 
650 0 9 |a World War (1939-1945)  |2 eczenas 
651 7 |a Malá Alexandrovka (Ukrajina)  |7 ge491051  |x dějiny  |2 czenas 
651 7 |a Oděsa (Ukrajina : oblast)  |7 ge491047  |x národnostní poměry  |2 czenas 
651 7 |a Oděsa (Ukrajina : oblast)  |7 ge491047  |x dějiny  |2 czenas 
651 9 |a Česká Alexandrovka (Ukraine)  |x history  |2 eczenas 
651 9 |a Odessa Region (Ukraine)  |x nationalities relations  |2 eczenas 
651 9 |a Odessa Region (Ukraine)  |x history  |2 eczenas 
655 7 |a autobiografické vzpomínky  |7 fd131854  |2 czenas 
655 9 |a autobiographical reminiscences  |2 eczenas 
830 0 |a Publikace Slovanské knihovny  |0 s 
856 4 1 |u http://www.digitalniknihovna.cz/mzk/uuid/uuid:be16cac0-be51-11e3-b110-005056827e51  |y Digitalizovaný dokument  |x NDK 
910 2 |a BOA001  |b 2-1220.127 
990 |a BK 
995 |a 01 
991 |b 200903  |c NOV 
996 6 |b 2610370498  |c 2-1220.127  |l MZK  |r Sklad / do 1 hodiny  |n 4  |p p.v.  |w 000932673  |u 000010  |a 1  |e BOA001  |j MZK50  |s P